Valkyrie Apocalypse - Statistiques

Statistiques générales
  • Ce quiz a été pris 241 fois
  • Le résultat moyen est 21 sur 32
Statistiques - réponses
Hint Réponse % Correct
Chef des dieux Zeus
97%
Le père de l'humanité, fichier n°000000001 Adam
96%
A trahi les dieux pour combattre en faveur de l'humanité Bouddha
89%
Combat pour venger son frère Hadès
88%
Voit les émotions Jack
87%
Meurt à cause de son méprit des humains Poséidon
86%
Premier combattant de l'humanité, guerrier chinois Lü Bü
84%
Spectatrice du Ragnarök, des hommes lui soutiennent la poitrine Aphrodite
83%
Possède 4 bras Shiva
82%
Cherche a ressusciter les dieux primordiaux Odin
81%
Possède des gants protégeant son arme de sa puissance Thor
79%
Cherche a tuer Satan Belzébuth
78%
Roi de Sparte Léonidas
78%
Conseiller du n°7, introduit ce dernier lors de son combat Hermes
75%
Femme du n°3 Eve
69%
Combattant pouvant se téléporter et voler Nikola Tesla
68%
Fusion des dieux du bonheur Zerofuku
68%
Dieu observant le Ragnarök aux cotés du n°16 Ares
64%
Prophète français, il tenta de détruire le Bifröst Nostradamus
59%
Sumo n'aillant jamais atteint le plus haut rang Raiden
59%
La mort blanche Simo
56%
Leader de l'humanité, cheffe des Valkyries Brunhilde
55%
Premier empereur de Chine Qin Shi Huang
55%
Tué par n°10, puis ressuscité par n°4 Adamas
53%
Ami du n°4, il porte 6 ailes sur la tête Lucifer
51%
Dieu bipolaire attendant impatiemment son tour de combattre Anubis
44%
Entité pouvant posséder n°4 Satan
43%
Petite sœur du n°15, cadette des Valkyries Goll
41%
Dieu banni qui souhaitait apprendre l'art de l'épée Susanoo
41%
Ami du n°4, il porte une chemise a pois Azazel
27%
Enfant démon mort à cause d'une maladie Okita Soji
26%
Ami du n°4, il porte des lunettes Samael
24%
Aucun quiz correspondant
Distribution des résultats
% des personnes avec chaque résultat
Percentile par nombre de réponses
Votre historique - résultats
Vous n’avez pas pris ce quiz